Európska komisia o reformách dôchodkových systémov v Európskej únii

V roku 2002 bola publikovaná "Spoločná správa Európskej komisie a Rady Európskej únie o primeraných a udržateľných starobných dôchodkoch" - prvá ucelená analýza národných stratégií reforiem dôchodkových systémov.

Gespeichert in:
Bibliographische Detailangaben
1. Verfasser: Prachár, Ivan
Format: Buchkapitel
Sprache:Slowakisch
Schlagworte:
Tags: Tag hinzufügen
Keine Tags, Fügen Sie das erste Tag hinzu!

MARC

LEADER 00000naa a2200000 4500
001 r048968
005 20230929074927.6
041 0 |a slo 
044 |a SK 
245 1 0 |a Európska komisia o reformách dôchodkových systémov v Európskej únii  |c Ivan Prachár 
520 |a V roku 2002 bola publikovaná "Spoločná správa Európskej komisie a Rady Európskej únie o primeraných a udržateľných starobných dôchodkoch" - prvá ucelená analýza národných stratégií reforiem dôchodkových systémov. 
610 2 0 |a reformy dôchodkové 
610 2 0 |a systémy dôchodkové 
610 2 0 |a Európska únia 
610 2 0 |a dôchodky starobné 
100 1 |a Prachár, Ivan